000 00912nam a2200265Ia 4500
003 OSt
005 20220923224256.0
006 a|||||r|||| 00| 0
007 ta
008 220922b |||||||| |||| 00| 0 hin d
024 _a230,260
037 _cTextual
040 _aARTS
_cARTS
_bhin
041 _2hin
_ahin
082 _aQ1:22:g(R4), 152P3
100 _aपाण्डेय, प्रज्ञा
245 0 _aब्राहमण ग्रन्थों में आचार दर्शन
246 _aBrāhamaṇ granthoan mean āchār darshana
260 _aदिल्ली
_b प्रतिभा प्रकाशन
_c2003
300 _a318पृ.
_ccm.
650 _a धर्म
650 _aभारतीय दर्शन
942 _hQ1:22:g(R4), 152P3
_cTEXL
_2CC
999 _c370309
_d370309